|
|
|
|
| LEADER |
01066nam a2200301 4500 |
| 001 |
c000145686 |
| 003 |
CARM |
| 005 |
00000000000000.0 |
| 008 |
s1942 nyub b 00110 eng |
| 019 |
1 |
|
|a 1139945
|z 45124481
|z 26246579
|5 LACONCORD2021
|
| 035 |
|
|
|a (OCoLC)398764
|5 LACONCORD2021
|
| 040 |
|
|
|c WaWW
|d WaWW
|
| 043 |
|
|
|a a------
|
| 050 |
0 |
0 |
|a DS35
|b .G8 1942
|
| 100 |
1 |
|
|a Gunther, John,
|d 1901-1970.
|
| 245 |
1 |
0 |
|a Inside Asia.
|c By John Gunther.
|
| 250 |
|
|
|a 1942 war ed., completely rev.
|
| 260 |
|
|
|a New York,
|a London,
|b Harper & brothers
|c [1942]
|
| 300 |
|
|
|a xii, 637 p.
|b fold. front., maps.
|c 23 cm.
|
| 504 |
|
|
|a Bibliography: p. 608-611.
|
| 650 |
|
0 |
|a Eastern question (Far East)
|
| 650 |
|
0 |
|a Eastern question.
|
| 651 |
|
0 |
|a Asia
|x Politics and government.
|
| 651 |
|
0 |
|a Asia
|x Biography.
|
| 852 |
8 |
|
|b CARM
|h A2:AD25C0
|i B02078
|p 0086946
|f BK
|
| 082 |
0 |
4 |
|a 950
|
| 999 |
f |
f |
|i de08e269-550a-5628-a1a8-d583cc38da35
|s 5d807bb2-94c1-552c-9ade-f7091d4cdbf6
|
| 952 |
f |
f |
|p Can circulate
|a CAVAL
|b CAVAL
|c CAVAL
|d CARM 1 Store
|e B02078
|f A2:AD25C0
|h Other scheme
|i book
|m 0086946
|